000 00462nam a2200145Ia 4500
008 230312s9999||||xx |||||||||||||| ||und||
020 _a9780071663465
082 _a621.389
_bPOH-P
100 _aMichelucci,Umberto
245 0 _aApplied deep learning : a case-based approach to understanding deep neural networks
260 _bMcgraw Hill
_aUSA
_c2011
300 _a800
650 _aEngineering
_vSound Recording and reproducing Digital techniques
942 _cBK
999 _c17960
_d17960